000 00559nam a22001937a 4500
999 _c41267
_d41267
005 20181119151606.0
010 _aENG-99917
020 _a9380060483
_c95.00
035 _aEN-83449
037 _bDBAD/PUB
082 _a005.133
100 _aN Hema
245 _aProgramming in JAVA /
_cby N Hema
260 _aSalem
_bM S K Publications
_c2009
270 _a3/189 E Athanoor Amman Koil Street Masinaganpatti Ayyothiyapattanam
_bSalem
_e636103
300 _a147p
_c19cm(pbk)
500 _aincludes index
942 _2ddc
_cEN
_h005.133
_mNHE